000 00341nam a22001457a 4500
008 211018b ||||| |||| 00| 0 eng d
020 _a9781429283304
041 _aeng
080 _a574
082 _a574
100 _a10
101 _aMJE
245 _aEnvironmental Science Foundations and Applications
_cFriedland,A
942 _2udc
_cBK
999 _c58256
_d58256